Revista de Filosofía/
Guardat en:
| Autor corporatiu: | |
|---|---|
| Format: | Llibre |
| Idioma: | Spanish |
| Publicat: |
San José, Montes de Oca, Costa Rica:
Editorial Universidad de Costa Rica,
1957-
|
| Matèries: | |
| Accés en línia: | texto completo desde el sitio de la revista |
| Etiquetes: |
Afegir etiqueta
Sense etiquetes, Sigues el primer a etiquetar aquest registre!
|
MARC
| LEADER | 00000nam a22000007a 4500 | ||
|---|---|---|---|
| 003 | cru CIDCACS/IIS | ||
| 005 | 20200110152506.0 | ||
| 007 | ta | ||
| 008 | 170824t1957 cr t||p|r|||| 00| 0 spa d | ||
| 999 | |c 40315 |d 40315 | ||
| 022 | |a 00348252 | ||
| 040 | |c cru CIDCACS/IIS | ||
| 090 | |a REV0875 | ||
| 110 | 2 | |9 458 |a Universidad de Costa Rica | |
| 245 | 1 | |a Revista de Filosofía/ |c Universidad de Costa Rica | |
| 260 | |a San José, Montes de Oca, Costa Rica: |b Editorial Universidad de Costa Rica, |c 1957- | ||
| 270 | |a Editorial Universidad de Costa Rica, Ciudad Universitaria Rodrigo Facio |b Montes de Oca, |c San José |e Aparado postal 11501-2060 Ciudad Universitaria Rodrigo Facio |k 2511-5310 |l 25115257 |m administración.siedin@ucr.ac.cr | ||
| 310 | |a cuatrimestral | ||
| 500 | |a EXISTENCIAS : 1984 (55-56) 1987 25 (62) 1989 27 (65, 66) 1990 28 (67-68) 1991 29 (70) 1992 30 (71-73) 1993 31 (75-76 esp.) 1994 32 (78-79 esp.) 1995 33 (80-81) 1996 34 (82E) 1997 35 (85-87) 1998 36 (88, 90) 1999 37 (91, 93) 2000 38 (95-96) 2001 39 (97) 2002 40 (101-102*) *Extraordinario 2003 41 (103-104) 2004 42(105, 106/107) 2006 44(111-112) | ||
| 650 | 1 | 0 | |9 84 |a FILOSOFIA |
| 650 | 1 | 0 | |9 3691 |a POLITICA |
| 650 | 1 | 0 | |9 194 |a ETICA |
| 650 | 1 | 0 | |9 632 |a ASPECTOS SOCIALES |
| 651 | 1 | 0 | |9 32 |a COSTA RICA |
| 856 | |u https://revistas.ucr.ac.cr/index.php/filosofia/index |y texto completo desde el sitio de la revista | ||
| 942 | |2 ddc |c PP | ||
